Statistics for Chicago Band Songs

Click here to take the quiz!

General Stats

  • This quiz has been taken 28 times
  • The average score is 7 of 9

Answer Stats

HintAnswer% Correct
Hard to Say __ ____I'm Sorry
92%
__ or 6 to 425
88%
If you ____ me nowLeave
84%
____ in the ParkSaturday
84%
Will You Still ____ __Love Me
80%
___ ______ Really Know What Time It Is?Does Anybody
76%
You're the _____Inspiration
72%
(I've Been) ____ so LongSearchin'
64%
Explain it to my ____Heart
60%

Score Distribution

Percentile by Number Answered

Percent of People with Each Score

Your Score History

You have not taken this quiz